LEADER 01443nam 2200349 n 450 001 996386981003316 005 20221107222324.0 035 $a(CKB)1000000000611362 035 $a(EEBO)2240877299 035 $a(UnM)99842698 035 $a(EXLCZ)991000000000611362 100 $a19910520d1635 uy | 101 0 $aeng 135 $aurbn||||a|bb| 200 10$aHallelujah. Praise yee the Lord, for the unburthening of a loaden conscience: by his grace in Iesus Christ vouchsafed unto the worst sinner of all the world$b[electronic resource] 210 $aLondon $cPrinted [by R. Young] for James Boler$d1635 215 $a[4], 171, [1] p. $cmusic 300 $aDedication signed: Richard Kilby. 300 $aRunning title reads: The unburthening of a loaden conscience. 300 $aProbably issued with STC 14954.3: Kilby, Richard. The burthen of a loaden conscience--cf. STC. 300 $aIdentified as STC 14956a on UMI microfilm. 300 $aReproduction of the original in the Folger Shakespeare Library. 330 $aeebo-0055 700 $aKilby$b Richard$fd. 1617.$01006882 801 0$bCu-RivES 801 1$bCu-RivES 801 2$bCStRLIN 801 2$bWaOLN 906 $aBOOK 912 $a996386981003316 996 $aHallelujah. Praise yee the Lord, for the unburthening of a loaden conscience: by his grace in Iesus Christ vouchsafed unto the worst sinner of all the world$92321577 997 $aUNISA LEADER 02876nas 2200721-- 450 001 9911049129603321 005 20260218111754.0 035 $a(CKB)110978976475221 035 $a(CONSER)---26023068- 035 $a(DE-599)ZDB3232059-0 035 $a(DE-599)3232059-0 035 $a(EXLCZ)99110978976475221 100 $a20751101a18769999 --- b 101 0 $ahun 181 $ctxt$2rdacontent 182 $cc$2rdamedia 183 $acr$2rdacarrier 200 00$aMagyar könyvszemle 210 $aBudapest$cMagyar tudományos akadémia Könyvkiadó hivatala 215 $a1 online resource 300 $aOrgan 1876-1934 of Országos Széchényi Könyvtár (called 1876-1902 Magyar Nemzeti Múzeum Könyvtára; 1903-34, Magyar Namzeti Múzeum Országos Széchényi Könyvtára); 1937- of Magyar közkönyvtárak; 1955-60, of Magyar Tudományos Akadémia Könyvtártudományi Föbizottsága; 1961- of Magyar Tudományos Akadémia r. Osztálya. 311 08$aPrint version: Magyar könyvszemle. (DLC) 26023068 (OCoLC)1756473 0025-0171 517 3 $aMagyarországi könyvészet 517 3 $aHazai idöszaki sajtó változásai 517 3 $aBulletin de la revue bibliographique hongroise 531 $aMAGYAR KONYVSZEMLE REVIEW OF BOOK HISTORY BIBLIOGRAPHY AND DOCUMENTATION 531 $aMAGYAR KONYVSZ 531 0 $aMagy. kv.-szle. 606 $aLibrary science$vPeriodicals 606 $aBibliography$vPeriodicals 606 $aHungarian literature$vBibliography$vPeriodicals 606 $aLibraries$zHungary$vPeriodicals 606 $aBibliographies as Topic 606 $aBibliography$2fast$3(OCoLC)fst00831351 606 $aHungarian literature$2fast$3(OCoLC)fst00964018 606 $aLibraries$2fast$3(OCoLC)fst00997341 606 $aLibrary science$2fast$3(OCoLC)fst00997916 606 $aCultuurgeschiedenis$2gtt 607 $aHungary$vBibliography$vPeriodicals 607 $aHungary$2fast$1https://id.oclc.org/worldcat/entity/E39PBJqBtb4QKCYGrVyyWtMQMP 608 $aPeriodical. 608 $aBibliographies.$2fast 608 $aPeriodicals.$2fast 608 $aPeriodicals.$2lcgft 615 0$aLibrary science 615 0$aBibliography 615 0$aHungarian literature 615 0$aLibraries 615 2$aBibliographies as Topic. 615 7$aBibliography. 615 7$aHungarian literature. 615 7$aLibraries. 615 7$aLibrary science. 615 17$aCultuurgeschiedenis. 676 $a020.5 712 02$aOrsza?gos Sze?che?nyi Ko?nyvta?r. 712 02$aMagyar Tudoma?nyos Akade?mia.$bKo?nyvta?rtudoma?nyi Fo?bizottsa?g. 712 02$aMagyar Tudoma?nyos Akade?mia.$bNyelv- e?s Irodalomtudoma?nyok Oszta?lya. 906 $aJOURNAL 912 $a9911049129603321 920 $aexl_impl conversion 996 $aMagyar konyvszemle$9892958 997 $aUNINA